000 00415nam a22001697a 4500
003 MPLRDC
005 20220104143611.0
008 210129b ||||| |||| 00| 0 eng d
082 _a783.868 CZL
100 _a郭仁德 著
245 _a郭陈祯禄传
_c
250 _a初版
260 _a
_b马来西亚华人文化协会
_c1996
300 _b
650 _a马来西亚传记
942 _cBK
_o783.868 CZL
999 _c41503
_d41493